Normal view MARC view

Entry Término temático

Number of records used in: 3

001 - NÚMERO DE CONTROL

  • campo de control: 223637

003 - IDENTIFICADOR DE NÚMERO DE CONTROL

  • campo de control: SpMaBN

005 - FECHA Y HORA DE LA ÚLTIMA TRANSACCIÓN

  • campo de control: 20250724043504.0

008 - ELEMENTOS DE DATO DE LONGITUD-FIJA

  • campo de control de longitud fija: 930413 n anznnbabn |a ana ##

016 ## - NÚMERO DE CONTROL DE UNA AGENCIA BIBLIOGRÁFICA NACIONAL

  • Número de control del registro: BNE19930340333

024 7# - IDENTIFICADOR DE OTROS ESTÁNDARES

  • Número estándar o código: http://id.loc.gov/authorities/subjects/sh85134828
  • Fuente: lcsh

024 7# - IDENTIFICADOR DE OTROS ESTÁNDARES

  • Número estándar o código: http://data.bnf.fr/ark:/12148/cb119438776
  • Fuente: rameau

024 7# - IDENTIFICADOR DE OTROS ESTÁNDARES

  • Número estándar o código: http://lemac.sgcb.mcu.es/Autoridades/LEMAC201234295/concept
  • Fuente: lemac

040 ## - FUENTE DE CATALOGACIÓN

  • Centro catalogador/agencia de origen: SpMaBN
  • Lengua de catalogación: spa
  • Centro/agencia transcriptor: SpMaBN
  • Normas de descripción: rdc
  • Convención/Normas de encabezamiento de materia/tesauro: embne

042 ## - CÓDIGO DE AUTENTICACIÓN

  • Código de autenticación: 20111122

150 ## - ENCABEZAMIENTO--TÉRMINO DE MATERIA

  • Término de materia o nombre geográfico como elemento de entrada: Teseo (Personaje mitológico)

670 ## - FUENTE DE DATOS ENCONTRADOS

  • Cita de la fuente: LCSH
  • Información encontrada: [Theseus (Greek mythology)]

670 ## - FUENTE DE DATOS ENCONTRADOS

  • Cita de la fuente: RAMEAU
  • Información encontrada: [Thésée (mythologie grecque)]

670 ## - FUENTE DE DATOS ENCONTRADOS

  • Cita de la fuente: Diccionario Espasa mitología universal, 2000
  • Información encontrada: (Teseo)

750 #7 - ENTRADA DE ENLACE DE ENCABEZAMIENTO ESTABLECIDO--TÉRMINO DE MATERIA

  • Término de materia o nombre geográfico como elemento de entrada: Thésée (mythologie grecque)
  • Fuente del encabezamiento o término: rameau

750 #7 - ENTRADA DE ENLACE DE ENCABEZAMIENTO ESTABLECIDO--TÉRMINO DE MATERIA

  • Término de materia o nombre geográfico como elemento de entrada: Teseu (Mitologia grega)
  • Fuente del encabezamiento o término: lemac